000 00501nmm a2200169Ia 4500
008 251105s9999||||xx |||||||||||||||||und||
020 _a8485709241
041 _aspa
100 _aAmusco, Alejandro
245 0 _aDel agua, del fuego y otras purificaciones
264 _a[Madrid, España] :
_bLibros de la Frontera,
_c1983
300 _a100 páginas
490 _aEl Bardo, (Carlos Sahagún)
650 _aSpanish poetry
856 _uhttps://public.digitaliapublishing.com/a/10188
942 _cCF
999 _c73822
_d73822